[Event "Begonia op 52nd"]
[Site "Ballarat"]
[Date "2018.03.11"]
[Round "4"]
[White "Smirnov, Anton"]
[Black "Gibson, Kyle"]
[Result "1-0"]
[WhiteElo "2543"]
[BlackElo "1893"]
[PlyCount "93"]
[EventDate "2018.03.10"]
[EventType "swiss"]
[EventRounds "7"]
[EventCountry "AUS"]
[SourceTitle "CBM 183 Extra"]
[Source "ChessBase"]
[SourceDate "2018.04.19"]
[SourceVersion "1"]
[SourceVersionDate "2018.04.19"]
[SourceQuality "1"]

1. e4 e6 2. d4 d5 3. Nc3 dxe4 4. Nxe4 Nd7 5. Nf3 Ngf6 6. Nxf6+ Nxf6 7. g3 b6 8. Bb5+ Bd7 9. Qe2 Bxb5 10. Qxb5+ Qd7 11. Qxd7+ Nxd7 12. 0-0 c5 13. Be3 Rc8 14. Rfd1 f6 15. d5 e5 16. c4 Bd6 17. a4 a5 18. Nd2 f5 19. f3 0-0 20. Re1 Nf6 21. Re2 h6 22. Kg2 Kh7 23. h3 Rce8 24. Bf2 g6 25. Rae1 Kg7 26. Nb1 e4 27. Nd2 exf3+ 28. Kxf3 Rxe2 29. Rxe2 Re8 30. Rxe8 Nxe8 31. g4 f4 32. Ne4 g5 33. Nxd6 Nxd6 34. b3 Kf6 35. Be1 Ke7 36. Bc3 Kd7 37. Bg7 Nf7 38. h4 Ke7 39. Bxh6 Nxh6 40. hxg5 Nf7 41. Kxf4 Nd6 42. Ke5 Ne8 43. g6 Ng7 44. d6+ Kd7 45. Kf6 Ne8+ 46. Kf7 Nxd6+ 47. Kf8 1-0

[Event "AUS-ch Reserves"]
[Site "Geelong"]
[Date "2012.01.03"]
[Round "7"]
[White "Gibson, Kyle"]
[Black "Puccini, Jack"]
[Result "1-0"]
[WhiteElo "1644"]
[BlackElo "1732"]
[PlyCount "69"]
[EventDate "2011.12.27"]
[EventType "swiss"]
[EventRounds "11"]
[EventCountry "AUS"]
[SourceTitle "EXT 2023"]
[Source "ChessBase"]
[SourceDate "2022.10.05"]
[SourceVersion "1"]
[SourceVersionDate "2022.10.05"]
[SourceQuality "1"]

1. e4 d5 2. exd5 Nf6 3. Bb5+ c6 4. dxc6 Nxc6 5. Bxc6+ bxc6 6. Nf3 e6 7. 0-0 Bd6 8. d4 Qc7 9. Nc3 0-0 10. Qe2 Ne8 11. Ne4 Be7 12. Re1 Nd6 13. Bf4 Rd8 14. c4 Qb7 15. Nxd6 Bxd6 16. Bxd6 Rxd6 17. Qe5 Rd8 18. b3 a5 19. Rab1 Qd7 20. Red1 Bb7 21. Qc5 Qd6 22. Ne5 f6 23. Qxd6 Rxd6 24. c5 Rd5 25. Nc4 Rad8 26. Nxa5 Ba8 27. Nc4 Rxd4 28. Nd6 Rd5 29. Rxd5 cxd5 30. b4 Rb8 31. b5 Kf8 32. a4 Ke7 33. a5 Kd7 34. a6 Kc7 35. a7 1-0

[Event "Begonia op 45th"]
[Site "Ballarat"]
[Date "2011.03.12"]
[Round "3"]
[White "Gibson, Kyle"]
[Black "Dyer, Alastair"]
[Result "0-1"]
[WhiteElo "1634"]
[BlackElo "2022"]
[PlyCount "107"]
[EventDate "2011.03.12"]
[EventType "swiss"]
[EventRounds "7"]
[EventCountry "AUS"]
[SourceTitle "EXT 2019"]
[Source "ChessBase"]
[SourceDate "2018.10.10"]
[SourceVersion "1"]
[SourceVersionDate "2018.10.10"]
[SourceQuality "1"]

1. e4 c5 2. c3 Nf6 3. e5 Nd5 4. d4 cxd4 5. cxd4 b6 6. f4 e6 7. a3 Bb7 8. Nf3 Be7 9. Bd2 Nc6 10. Nc3 Nxc3 11. Bxc3 0-0 12. g3 Rc8 13. Bh3 f5 14. 0-0 Nb8 15. Bg2 Na6 16. Ne1 Qc7 17. Qd2 Bxg2 18. Qxg2 Qc6 19. Rf2 Nc7 20. Rc1 Nd5 21. Rfc2 Ne3 22. Qxc6 Rxc6 23. Re2 Nd5 24. Rec2 Rfc8 25. Bd2 Kf8 26. Rxc6 Rxc6 27. Rxc6 dxc6 28. Nd3 Ke8 29. a4 Kd7 30. Kf2 c5 31. dxc5 Bxc5+ 32. Nxc5+ bxc5 33. b3 Kc6 34. Ke2 Ne7 35. Kd3 Kd5 36. b4 cxb4 37. Bxb4 Nc8 38. a5 a6 39. h3 Na7 40. g4 g6 41. gxf5 gxf5 42. Be1 h5 43. Bf2 Nc6 44. Bb6 Ne7 45. Bd8 Ng6 46. Ke3 Kc4 47. Bg5 Nf8 48. Bd8 Nd7 49. Bb6 Nc5 50. Bc7 Ne4 51. h4 Nc5 52. Bd8 Nb3 53. Bb6 Kb4 54. Kd3 0-1

[Event "AUS-ch U18"]
[Site "Mooroolbark"]
[Date "2011.01.15"]
[Round "1"]
[White "Tang, Jason"]
[Black "Gibson, Kyle"]
[Result "1-0"]
[WhiteElo "1961"]
[BlackElo "1530"]
[PlyCount "117"]
[EventDate "2011.01.15"]
[EventType "swiss"]
[EventRounds "9"]
[EventCountry "AUS"]
[SourceTitle "EXT 2013"]
[Source "ChessBase"]
[SourceDate "2012.11.22"]
[SourceVersion "1"]
[SourceVersionDate "2012.11.22"]
[SourceQuality "1"]

1. d4 e6 2. c4 Nf6 3. Nc3 Bb4 4. Qc2 Nc6 5. Nf3 b6 6. a3 Bxc3+ 7. Qxc3 0-0 8. Bg5 h6 9. Bh4 Bb7 10. e3 Rc8 11. Bd3 d6 12. 0-0 Re8 13. Nd2 d5 14. Rac1 Nb8 15. b4 c6 16. f4 Qe7 17. c5 b5 18. a4 a6 19. Bc2 Nbd7 20. h3 Qf8 21. Qd3 g6 22. g4 Qg7 23. Rf2 Nh7 24. Rcf1 f5 25. Rg2 Ndf8 26. Kh2 Nf6 27. Bxf6 Qxf6 28. gxf5 exf5 29. Qxf5 Re6 30. Rfg1 Kh7 31. Qxf6 Rxf6 32. h4 h5 33. Rg5 Kh6 34. Nf3 Re8 35. Ne5 Ree6 36. f5 gxf5 37. Rg7 Bc8 38. Nf7+ Rxf7 39. Rxf7 Re8 40. Rg8 Be6 41. Rfxf8 Bxg8 42. Rxe8 Bf7 43. Ra8 bxa4 44. Bxa4 Kg6 45. Bxc6 Kf6 46. Rxa6 Ke7 47. Ra7+ Kf6 48. Rxf7+ Kxf7 49. Bxd5+ Ke7 50. b5 Kd8 51. b6 Kc8 52. c6 f4 53. Be6+ Kb8 54. c7+ Kb7 55. c8Q+ Kxb6 56. Qc5+ Kb7 57. Bd5+ Kb8 58. Qc6 Ka7 59. Qb7# 1-0

[Event "Melbourne Cup"]
[Site "Melbourne"]
[Date "2010.10.31"]
[Round "5"]
[White "Lester, George E"]
[Black "Gibson, Kyle"]
[Result "1-0"]
[WhiteElo "1846"]
[BlackElo "1517"]
[PlyCount "59"]
[EventDate "2010.10.29"]
[EventType "swiss"]
[EventRounds "9"]
[EventCountry "AUS"]
[SourceTitle "EXT 2012"]
[Source "ChessBase"]
[SourceDate "2011.11.24"]
[SourceVersion "1"]
[SourceVersionDate "2011.11.24"]
[SourceQuality "1"]

1. d4 e6 2. c4 d5 3. Nc3 Nf6 4. cxd5 exd5 5. Bg5 Be6 6. e3 Be7 7. Bd3 h6 8. Bh4 Nbd7 9. Nge2 c5 10. Rc1 c4 11. Bb1 Qa5 12. 0-0 b5 13. Nf4 g5 14. Nxe6 fxe6 15. Bg3 Kf7 16. f3 Rag8 17. e4 h5 18. e5 Ne8 19. f4 g4 20. f5 Rf8 21. Qc2 Rhg8 22. fxe6+ Kxe6 23. Rxf8 Rxf8 24. Qg6+ Bf6 25. Re1 Nb6 26. exf6+ Kd7 27. Qh7+ Ng7 28. Qxg7+ Rf7 29. Qxf7+ Kc6 30. Re6# 1-0

[Event "AUS-ch U12"]
[Site "Adelaide"]
[Date "2009.01.04"]
[Round "4"]
[White "Gibson, Kyle"]
[Black "Derwent, Ethan"]
[Result "1/2-1/2"]
[WhiteElo "1207"]
[BlackElo "943"]
[PlyCount "120"]
[EventDate "2009.01.02"]
[EventType "swiss"]
[EventRounds "11"]
[EventCountry "AUS"]
[SourceTitle "CBM 128 Extra"]
[Source "ChessBase"]
[SourceDate "2009.03.05"]
[SourceVersion "2"]
[SourceVersionDate "2009.03.25"]
[SourceQuality "1"]

1. e4 c5 2. c3 d5 3. exd5 Qxd5 4. Nf3 Nf6 5. d4 Bg4 6. Be2 e6 7. Be3 cxd4 8. Qxd4 Qxd4 9. Bxd4 Be7 10. Nbd2 Nc6 11. Bb5 0-0 12. Bxc6 bxc6 13. 0-0 c5 14. Bxf6 Bxf6 15. Ne4 Bxf3 16. Nxf6+ gxf6 17. gxf3 Rfd8 18. Rad1 Rab8 19. Rxd8+ Rxd8 20. Rb1 Rd3 21. Kg2 Kg7 22. Rc1 Rd2 23. Rb1 Kg6 24. a3 Rd3 25. Rc1 c4 26. Rc2 Kf5 27. Re2 Kg5 28. h4+ Kh5 29. Re4 a5 30. Rxc4 f5 31. Ra4 Rd5 32. b4 axb4 33. Rxb4 e5 34. Rb7 Kg6 35. Rb6+ f6 36. h5+ Kg5 37. Re6 Rd3 38. Rc6 e4 39. fxe4 fxe4 40. Rc5+ f5 41. a4 Rd2 42. Re5 Rc2 43. a5 Rxc3 44. Re7 h6 45. a6 Ra3 46. a7 Kxh5 47. Rf7 Kg4 48. Rg7+ Kh5 49. Rf7 Kg6 50. Re7 h5 51. Rb7 h4 52. Rb6+ Kg5 53. Rb7 h3+ 54. Kh2 Kg6 55. Rb6+ Kg5 56. Rb7 Kg6 57. Rb6+ Kg5 58. Rb7 Kg6 59. Rb6+ Kg5 60. Rb7 Kg6 1/2-1/2